Meranie multiplikačného efektu cestovného ruchu: keynesiánsky a input-output prístup

Ekonomické aspekty multiplikačného pôsobenia cestovného ruchu. Keynesiánske multiplikátory cestovného ruchu. Input-output multiplikátory cestovného ruchu.

Gespeichert in:
Bibliographische Detailangaben
1. Verfasser: Boďa, Martin
Format: Buchkapitel
Sprache:Slowakisch
Schlagworte:
Tags: Tag hinzufügen
Keine Tags, Fügen Sie das erste Tag hinzu!

MARC

LEADER 00000naa$a2200000$$$4500
001 0053490
005 20220505122931.4
041 0 |a slo 
044 |a SK 
245 1 0 |a Meranie multiplikačného efektu cestovného ruchu: keynesiánsky a input-output prístup  |c Martin Boďa 
520 |a Ekonomické aspekty multiplikačného pôsobenia cestovného ruchu. Keynesiánske multiplikátory cestovného ruchu. Input-output multiplikátory cestovného ruchu. 
610 2 0 |a ruch cestovný 
610 2 0 |a multiplikátor 
610 2 0 |a metóda input-output 
610 2 0 |a produkt domáci hrubý 
610 2 0 |a modely ekonomicko-matematické 
100 1 |a Boďa, Martin